000 00350nam a2200145Ia 4500
008 150201s2004 xx 000 0 und d
082 _a617.645
_bD2004M
100 _aMCDONALD
245 _aDENTISTRY FOR THE CHILD ADOLESCENT
250 _a8TH
260 _bMOSBY
_aNEW DELHI
_c2004
300 _a1-769
650 _aPEDODONTICS
942 _2ddc
_cBK
_06
999 _c3210
_d3210